[Event "AUTO-INT-1513"]
[Site "http://www.queenalice.com/game.php?id=782095"]
[Date "2010.5.28"]
[Round "2"]
[White "Givanildo"]
[Black "gege2561"]
[Result "0-1"]
[WhiteElo "1466"]
[BlackElo "1742"]

1. e4 e5 2. Bc4 Nf6 3. Qf3 b6 4. d3 Ba6 5. Bxa6 Nxa6 6. Bd2 Bb4 7. c3 Bc5 8. d4
exd4 9. c4 Qe7 10. e5 Qxe5+ 11. Ne2 O-O 12. O-O Rae8 13. Bf4 Qf5 14. Ng3 Qc2 15.
Nd2 Qxb2 16. Nf5 d3 17. Qg3 Nh5 18. Nh6+ Kh8 19. Qg5 g6 20. Rae1 Rxe1 21. Rxe1
f6 22. Qg4 f5 23. Be5+ Qxe5 24. Qd1 Qg7 25. Nf3 Qxh6 26. Qxd3 d6 27. Qc3+ Nf6
28. Re6 Bb4 29. Qd4 Qc1+ 30. Ne1 Bc3 31. Qe3 Qxe1+ 32. Qxe1 Bxe1 33. Rxe1 Re8
34. Rd1 Nb4 35. h3 h5 36. g3 Nxa2 37. g4 Nc3 38. Rc1 Ne2+ 39. Kg2 Nxc1 40. gxf5
gxf5 41. f4 Ne4 42. Kf3 a5 43. h4 Nd2+ 44. Kg3 a4 45. c5 Nd3 46. cxb6 Re3+ 47.
Kg2 cxb6 48. Kh2 Nxf4 49. Kg1 Rf3 50. Kh1 Rf2 0-1

[Event "AUTO-OPEN-2024"]
[Site "http://www.queenalice.com/game.php?id=796566"]
[Date "2010.6.29"]
[Round "1"]
[White "gege2561"]
[Black "power2010"]
[Result "0-1"]
[WhiteElo "1734"]
[BlackElo "1922"]

1. e3 e5 2. a3 d5 3. Qh5 Bd6 4. Qf3 e4 5. Qe2 Nf6 6. b4 O-O 7. Bb2 a6 8. c4 c6
9. g3 Bg4 10. Bxf6 Qxf6 11. Qxg4 Qxa1 12. Qd1 a5 13. Ne2 Nd7 14. Bh3 Nf6 15. O-O
axb4 16. Qb3 Qe5 17. axb4 Qh5 18. Nf4 Bxf4 19. exf4 Qxh3 20. f3 exf3 21. Rxf3
Ng4 22. Nc3 Qxh2+ 23. Kf1 Qh1+ 24. Ke2 Rfe8+ 25. Kd3 Qxf3+ 26. Kc2 dxc4 27. Qxc4
Nf2 28. f5 Qxf5+ 29. d3 Rad8 30. Kb3 Qxd3 31. Qxd3 Rxd3 32. Kc2 Rxc3+ 33. Kd2
Rd3+ 34. Kc2 Re2+ 35. Kb1 Rd1# 0-1

[Event "AUTO-OPEN-2024"]
[Site "http://www.queenalice.com/game.php?id=796567"]
[Date "2010.6.29"]
[Round "1"]
[White "power2010"]
[Black "gege2561"]
[Result "1-0"]
[WhiteElo "1933"]
[BlackElo "1728"]

1. Nf3 e6 2. g3 Nf6 3. Bg2 b6 4. Ne5 d5 5. O-O Qe7 6. c4 Nfd7 7. Nxd7 Bxd7 8.
cxd5 exd5 9. Bxd5 c6 10. Bg2 g6 11. d4 Na6 12. d5 Nb4 13. e4 Bg7 14. a3 Na6 15.
Nc3 Bxc3 16. bxc3 O-O 17. Bh6 Rfe8 18. Qd2 Nc5 19. Rae1 Nb3 20. Qb2 Nc5 21. c4
f6 22. Qc3 Na4 23. Qa1 Kf7 24. e5 fxe5 25. dxc6 Bxc6 26. Bxc6 Rec8 27. Bxa4 Rxc4
28. Bb3 b5 29. Qxe5 Qxe5 30. Rxe5 Re8 31. Bxc4+ bxc4 32. Rxe8 Kxe8 33. Rc1 Kf7
34. Rxc4 Kf6 35. h4 Ke5 36. Be3 Kd5 37. Rc7 Ke4 38. Rxa7 h5 39. Rd7 Kf3 40. Rd4
Ke2 41. a4 1-0

[Event "AUTO-OPEN-2024"]
[Site "http://www.queenalice.com/game.php?id=796568"]
[Date "2010.6.29"]
[Round "1"]
[White "gege2561"]
[Black "SacrificioDeRei"]
[Result "0-1"]
[WhiteElo "1730"]
[BlackElo "2079"]

1. e3 Nf6 2. b3 e5 3. Bb2 Nc6 4. Bb5 d6 5. Qf3 Bd7 6. Na3 Be7 7. Bc4 O-O 8. h3
e4 9. Qg3 d5 10. Bb5 a6 11. Bxc6 Bxc6 12. O-O-O b5 13. Bxf6 Bxf6 14. f4 Qe7 15.
Nb1 Ba1 16. c3 a5 17. d4 Bd7 18. h4 c5 19. h5 cxd4 20. exd4 b4 21. h6 g6 22. Rh5
Qd6 23. Ne2 bxc3 24. Kc2 a4 25. Nbxc3 axb3+ 26. axb3 Qa3 27. Kd2 Bxc3+ 28. Nxc3
Qxb3 29. Rb1 Ra2+ 30. Ke1 Qc2 31. Nxa2 Qxb1+ 32. Kf2 Qxa2+ 33. Kg1 Qa1+ 34. Kh2
Qxd4 35. f5 e3 36. fxg6 fxg6 37. Re5 Rf5 38. Re7 Rh5+ 39. Kg1 e2+ 40. Re3 Qd1+
0-1

[Event "AUTO-OPEN-2024"]
[Site "http://www.queenalice.com/game.php?id=796569"]
[Date "2010.6.29"]
[Round "1"]
[White "SacrificioDeRei"]
[Black "gege2561"]
[Result "1-0"]
[WhiteElo "2018"]
[BlackElo "1753"]

1. e4 e5 2. Nf3 f6 3. Nxe5 fxe5 4. Qh5+ g6 5. Qxe5+ Qe7 6. Qxh8 Nf6 7. d3 Nc6 8.
Bg5 Qg7 9. Bxf6 Qxh8 10. Bxh8 Nb4 11. Na3 Bh6 12. Be2 b6 13. O-O Ba6 14. Bc3 Nc6
15. Nc4 Bxc4 16. dxc4 O-O-O 17. b4 a6 18. a4 Na7 19. c5 bxc5 20. Bxa6+ Kb8 21.
bxc5 c6 22. Rab1+ Ka8 23. Bb7+ Kb8 24. Be5+ d6 25. Bxd6+ Rxd6 26. cxd6 Bg5 27.
Ba6+ Ka8 28. Rb7 Bd8 29. Rfb1 c5 30. Rb8# 1-0

[Event "AUTO-OPEN-2024"]
[Site "http://www.queenalice.com/game.php?id=796570"]
[Date "2010.6.29"]
[Round "1"]
[White "gege2561"]
[Black "Oitoson"]
[Result "0-1"]
[WhiteElo "1757"]
[BlackElo "1500"]

1. e3 Nf6 2. b3 g6 3. Bb2 Bg7 4. Nf3 O-O 5. Bc4 d5 6. Bd3 Bg4 7. O-O e5 8. Bxe5
Nc6 9. Bc3 Ne4 10. Bxg7 Kxg7 11. h3 Bxf3 12. gxf3 Ng5 13. f4 Nxh3+ 14. Kh2 Qh4
15. Qe2 Nxf4+ 0-1

[Event "AUTO-OPEN-2024"]
[Site "http://www.queenalice.com/game.php?id=796571"]
[Date "2010.6.29"]
[Round "1"]
[White "Oitoson"]
[Black "gege2561"]
[Result "0-1"]
[WhiteElo "1618"]
[BlackElo "1757"]

1. d4 e6 2. c4 c6 3. d5 cxd5 4. cxd5 Be7 5. Nc3 Bb4 6. Bd2 Bxc3 7. Bxc3 f6 8.
dxe6 dxe6 9. Qxd8+ Kxd8 10. O-O-O+ Ke8 11. g3 Ne7 12. Bg2 Na6 13. e3 Nc5 14. Ba5
Bd7 15. Bb4 Nd3+ 0-1

[Event "AUTO-INT-1513"]
[Site "http://www.queenalice.com/game.php?id=801500"]
[Date "2010.7.10"]
[Round "3"]
[White "Prof_Odair"]
[Black "gege2561"]
[Result "1-0"]
[WhiteElo "1803"]
[BlackElo "1620"]

1. e4 e5 2. Nf3 Bd6 3. c3 Nf6 4. Qc2 b6 5. d4 Ng4 6. h3 Nf6 7. dxe5 Bxe5 8. Nxe5
Qe7 9. Bf4 Nc6 10. Nxc6 Qe6 11. Nd4 Qxe4+ 12. Qxe4+ Nxe4 13. Bxc7 O-O 14. g3 Re8
15. Ne2 Ba6 16. Bg2 Bxe2 17. Nd2 Nxd2 18. Kxd2 Rac8 19. Rhe1 Bc4 20. Rxe8+ Rxe8
21. Bf3 h5 22. Bxh5 g6 23. Bf3 Re7 24. b3 Be6 25. Re1 d5 26. Bf4 a5 27. Bxd5 Kf8
28. Bd6 Bxd5 29. Rxe7 Bc6 30. Rc7+ Ke8 31. Rxc6 Kd7 32. Rxb6 f5 33. Bf4 Kc8 34.
Rxg6 Kd7 35. h4 1-0

[Event "AUTO-INT-1513"]
[Site "http://www.queenalice.com/game.php?id=801501"]
[Date "2010.7.10"]
[Round "3"]
[White "gege2561"]
[Black "Prof_Odair"]
[Result "0-1"]
[WhiteElo "1748"]
[BlackElo "1801"]

1. e3 e5 2. Qh5 Nc6 3. Nf3 Nf6 4. Qf5 d6 5. Qd3 e4 6. Qc4 exf3 7. gxf3 Be6 8.
Qb5 Rb8 9. Nc3 Be7 10. Rg1 O-O 11. b3 Ne5 12. Qa4 Nxf3+ 13. Kd1 Nxg1 14. Bb2 a6
15. Qf4 Nh3 16. Bxh3 Bxh3 17. Qh4 Be6 18. d3 Nd5 19. Qd4 Bf6 20. Qe4 Bxc3 21.
Qg2 Bxb2 22. Rb1 Nc3+ 23. Ke1 Nxb1 24. c4 Qf6 25. f4 Qc3+ 26. Kf2 Qd2+ 27. Kg3
Qxg2+ 28. Kh4 Bf6+ 29. Kh5 Qh3# 0-1

[Event "AUTO-OPEN-2074"]
[Site "http://www.queenalice.com/game.php?id=818996"]
[Date "2010.8.16"]
[Round "1"]
[White "mouderjr"]
[Black "gege2561"]
[Result "1-0"]
[WhiteElo "2040"]
[BlackElo "1734"]

1. b3 Nc6 2. g3 d5 3. e3 d4 4. d3 Nf6 5. Bb2 g6 6. e4 e5 7. Nf3 Bb4+ 8. Nbd2 Ng4
9. h3 Nh6 10. Qc1 Qf6 11. Be2 O-O 12. a3 Bxd2+ 13. Qxd2 b6 14. g4 Qf4 15. Qxf4
exf4 16. g5 Bg4 17. gxh6 Bh5 18. Nxd4 Nxd4 19. Bxh5 Nxc2+ 20. Kd2 Nxa1 21. Bxa1
f5 22. Bf3 Rad8 23. Re1 Rfe8 24. e5 c5 25. e6 a5 26. e7 Rd6 27. Re5 a4 28. Bd5+
Rxd5 29. Rxd5 Rxe7 30. bxa4 f3 31. Rd8+ Kf7 32. Rh8 Re2+ 33. Kd1 Rxf2 34. Rxh7+
Kg8 35. Rg7+ Kf8 36. h7 Rf1+ 37. Kc2 1-0

[Event "AUTO-OPEN-2074"]
[Site "http://www.queenalice.com/game.php?id=818997"]
[Date "2010.8.16"]
[Round "1"]
[White "gege2561"]
[Black "mouderjr"]
[Result "0-1"]
[WhiteElo "1694"]
[BlackElo "1954"]

1. e4 e5 2. Nf3 d6 3. Bc4 h6 4. d3 Nf6 5. g3 Nc6 6. a3 Bg4 7. Nbd2 a6 8. h3 Bh5
9. g4 Bg6 10. c3 d5 11. Bxd5 Nxd5 12. exd5 Qxd5 13. c4 Qxd3 14. a4 Bb4 15. Qb3
Bxd2+ 16. Nxd2 Qxb3 17. Nxb3 b6 18. c5 O-O 19. O-O Rad8 20. cxb6 cxb6 21. Be3
Nd4 22. Bxd4 exd4 23. Rad1 d3 24. Nd2 f5 25. f3 Be8 26. f4 Bxa4 27. Ra1 Bb5 28.
Rfe1 fxg4 29. Kg2 Rxf4 30. Kg3 Rdf8 31. Rf1 g5 32. Rxf4 Rxf4 33. Rf1 Ra4 34.
hxg4 Ra2 35. Rb1 a5 36. Nb3 Ra4 37. Kf2 Rxg4 38. Ke3 Rg2 39. Nd4 Ba6 40. Ne6
Re2+ 41. Kd4 Rxe6 0-1

[Event "AUTO-OPEN-2074"]
[Site "http://www.queenalice.com/game.php?id=819024"]
[Date "2010.8.16"]
[Round "1"]
[White "Landoaldojr"]
[Black "gege2561"]
[Result "1-0"]
[WhiteElo "1813"]
[BlackElo "1677"]

1. Nf3 Nf6 2. e3 Nc6 3. Bb5 Nb4 4. a3 Nbd5 5. O-O e5 6. Nxe5 Qe7 7. d4 c6 8. Ba4
d6 9. Nd3 Bg4 10. f3 Bh5 11. Qe1 O-O-O 12. Nb4 g5 13. c4 Nxb4 14. axb4 Qe6 15.
Nd2 g4 16. f4 g3 17. hxg3 Ng4 18. Nf3 Be7 19. d5 Qe4 20. Qe2 Bg6 21. dxc6 bxc6
22. Nd4 Bh5 23. Qc2 d5 24. cxd5 Qxd5 25. Qxc6+ Qxc6 26. Nxc6 Rd7 27. Nxe7+ Rxe7
28. Re1 Re4 29. Bd2 Rd8 30. Rac1+ 1-0

[Event "AUTO-OPEN-2074"]
[Site "http://www.queenalice.com/game.php?id=819025"]
[Date "2010.8.16"]
[Round "1"]
[White "gege2561"]
[Black "Landoaldojr"]
[Result "0-1"]
[WhiteElo "1689"]
[BlackElo "1801"]

1. Nc3 d6 2. Nf3 e6 3. b3 Ne7 4. Bb2 Ng6 5. Ne4 f6 6. d3 Be7 7. g3 d5 8. Ned2
O-O 9. Bh3 Nc6 10. O-O e5 11. e4 Bxh3 12. Re1 Bg4 13. exd5 Qxd5 14. h3 Bxh3 15.
c4 Qe6 16. Kh2 Qf5 17. Rh1 Bg4 18. Re1 Qxd3 19. Re3 Qf5 20. Qc1 Nd4 21. Bxd4
exd4 22. Rd3 Qxd3 23. Qe1 Bb4 24. Rd1 Bxf3 25. Qe6+ Kh8 26. Qe1 Bxd1 27. Qxd1
Qxd2 28. Qf3 Qh6+ 29. Kg1 Ne5 30. Qxb7 Qc1+ 0-1

[Event "AUTO-OPEN-2074"]
[Site "http://www.queenalice.com/game.php?id=819042"]
[Date "2010.8.16"]
[Round "1"]
[White "LEOKnopp"]
[Black "gege2561"]
[Result "1-0"]
[WhiteElo "1471"]
[BlackElo "1720"]

1. e4 d6 2. d4 Be6 3. d5 Bd7 4. g3 c6 5. Nc3 e5 6. Nf3 Bg4 7. b3 Qf6 8. Bg5 Bxf3
9. dxc6 Qxg5 10. Qxf3 Nxc6 11. Bc4 Nd4 12. Qxf7+ Kd8 13. Qxf8+ Kd7 14. Qxa8
Nxc2+ 15. Kd1 Nxa1 16. Qxb7+ Ke8 17. Qc6+ Ke7 18. Qc7+ Kf6 19. Qf7# 1-0

[Event "AUTO-OPEN-2074"]
[Site "http://www.queenalice.com/game.php?id=819043"]
[Date "2010.8.16"]
[Round "1"]
[White "gege2561"]
[Black "LEOKnopp"]
[Result "0-1"]
[WhiteElo "1645"]
[BlackElo "1521"]

1. e4 e5 2. Nf3 Nc6 3. Bb5 a6 4. Bc4 b5 5. Bb3 Nd4 6. Nxd4 exd4 7. Qf3 Nh6 8. d3
Bb4+ 9. c3 dxc3 10. bxc3 Bc5 11. Bxh6 d5 12. Bxd5 Be6 13. Bxe6 fxe6 14. Bxg7 Rg8
15. Bf6 Be7 16. e5 c5 17. Qc6+ Kf7 18. Qf3 Bxf6 0-1

[Event "AUTO-ADV-1869"]
[Site "http://www.queenalice.com/game.php?id=819331"]
[Date "2010.8.17"]
[Round "1"]
[White "Barbudo"]
[Black "gege2561"]
[Result "1-0"]
[WhiteElo "1746"]
[BlackElo "1586"]

1. e4 Nc6 2. Nf3 Nf6 3. Bb5 d6 4. Bxc6+ bxc6 5. Nc3 Bg4 6. h3 Bxf3 7. Qxf3 e5 8.
d3 Be7 9. O-O h6 10. a4 a5 11. Be3 Qb8 12. b3 O-O 13. Qg3 Nh5 14. Qg4 Nf6 15.
Qg3 Nh5 16. Qg4 Qb4 17. Bd2 Nf6 18. Qg3 c5 19. Bxh6 Nh5 20. Qg4 Bf6 21. Nd5 Qd4
22. Qxh5 gxh6 23. Nxf6+ Kg7 24. Ng4 1-0

[Event "AUTO-ADV-1869"]
[Site "http://www.queenalice.com/game.php?id=819332"]
[Date "2010.8.17"]
[Round "1"]
[White "gege2561"]
[Black "Barbudo"]
[Result "0-1"]
[WhiteElo "1596"]
[BlackElo "1736"]

1. Nc3 e5 2. Nf3 Nc6 3. e3 Nf6 4. Bc4 d5 5. Bb5 Bd7 6. Bxc6 Bxc6 7. Nxe5 Bd7 8.
Qf3 c6 9. e4 Bb4 10. Ne2 Bd6 11. d4 dxe4 12. Qf4 Bxe5 13. Qg5 O-O 14. Qxe5 Re8
15. Qg5 Bg4 16. h3 Bxe2 17. Kxe2 Qxd4 18. Be3 Qxb2 19. Qc5 Nd5 20. Bd2 Re5 21.
Rab1 Qxa2 0-1

[Event "AUTO-ADV-1869"]
[Site "http://www.queenalice.com/game.php?id=819345"]
[Date "2010.8.17"]
[Round "1"]
[White "gege2561"]
[Black "luizpessoa"]
[Result "0-1"]
[WhiteElo "1603"]
[BlackElo "1819"]

1. e4 b6 2. d3 d6 3. Nc3 e5 4. Nf3 Bg4 5. Be2 Nc6 6. Nd2 Bxe2 7. Nxe2 Be7 8. Ng3
Bg5 9. Nf3 Bxc1 10. Qxc1 h6 11. Qd2 Nf6 12. Nf5 O-O 13. O-O Ne7 14. Nxe7+ Qxe7
15. b4 Rfd8 16. a4 a5 17. b5 d5 18. Qe3 d4 19. Qe2 Rac8 20. Nh4 c6 21. Nf5 Qc5
22. c4 Qf8 23. bxc6 Rxc6 24. Rab1 Rd7 25. Rb5 Rb7 26. Qf3 Rc5 27. Qg3 Kh7 28.
Rfb1 Rxb5 29. Rxb5 g6 30. Nh4 Qa3 31. h3 Qxa4 0-1

[Event "AUTO-ADV-1869"]
[Site "http://www.queenalice.com/game.php?id=819346"]
[Date "2010.8.17"]
[Round "1"]
[White "luizpessoa"]
[Black "gege2561"]
[Result "1-0"]
[WhiteElo "1811"]
[BlackElo "1611"]

1. d4 Nf6 2. Bf4 h6 3. Nc3 Nc6 4. Nb5 d6 5. e3 a6 6. Nc3 Bf5 7. a3 g5 8. Bg3 Qd7
9. Qd2 O-O-O 10. d5 Na7 11. f3 Nb5 12. Nxb5 axb5 13. e4 Bg6 14. Qa5 c6 15. dxc6
Qxc6 16. c3 Qa6 17. Qxb5 Qxb5 18. Bxb5 g4 19. O-O-O h5 20. Ne2 gxf3 21. gxf3
Bh6+ 22. Bf4 Bxf4+ 23. Nxf4 e5 24. Nxg6 fxg6 25. a4 b6 26. Rhg1 Rhg8 27. b4 h4
28. Bc4 Rh8 29. Bf7 Kd7 30. Rxg6 1-0

[Event "AUTO-ADV-1869"]
[Site "http://www.queenalice.com/game.php?id=819347"]
[Date "2010.8.17"]
[Round "1"]
[White "gege2561"]
[Black "BFBear"]
[Result "0-1"]
[WhiteElo "1666"]
[BlackElo "1861"]

1. Nc3 Nc6 2. b3 Nf6 3. Bb2 e5 4. e3 a6 5. Bc4 d6 6. Nge2 h6 7. Ng3 Qe7 8. Nd5
Na5 9. Bc3 Nxc4 10. Nxe7 Bxe7 11. d3 Nb6 12. O-O Nbd5 13. Qd2 Bd7 14. e4 Nf4 15.
a4 Ng6 16. Ba5 b6 17. Bb4 a5 18. Ba3 c5 19. c4 Nh7 20. Nh5 O-O 21. Bb2 Bg5 22.
Qe2 Nf6 0-1

[Event "AUTO-ADV-1869"]
[Site "http://www.queenalice.com/game.php?id=819348"]
[Date "2010.8.17"]
[Round "1"]
[White "BFBear"]
[Black "gege2561"]
[Result "1-0"]
[WhiteElo "1869"]
[BlackElo "1658"]

1. e4 Nc6 2. d3 e5 3. Nf3 Bd6 4. b3 b6 5. Bb2 Qe7 6. g3 Bb4+ 7. Nfd2 Nf6 8. Bg2
Ba6 9. Nc3 O-O-O 10. a3 Bxc3 11. Bxc3 g6 12. Bb2 Ng4 13. Qxg4 h5 14. Qd1 d6 15.
Nf3 g5 16. h3 h4 17. g4 f6 18. Nd2 Rhg8 19. c4 Rg6 20. b4 Bb7 21. b5 Na5 22. Bc3
Rf8 23. Bxa5 1-0

[Event "AUTO-OPEN-1964"]
[Site "http://www.queenalice.com/game.php?id=820300"]
[Date "2010.8.19"]
[Round "2"]
[White "luiz_antonio"]
[Black "gege2561"]
[Result "1-0"]
[WhiteElo "1810"]
[BlackElo "1767"]

1. e4 Nc6 2. d4 e6 3. e5 Qh4 4. Nf3 Qe4+ 5. Be2 Nxd4 6. Qxd4 Qxc2 7. Qd1 Qg6 8.
O-O b6 9. Nc3 Nh6 10. Nh4 Bb4 11. Nxg6 hxg6 12. Bxh6 gxh6 13. Ne4 Bb7 14. Nf6+
Kd8 15. Qxd7# 1-0

[Event "AUTO-OPEN-1964"]
[Site "http://www.queenalice.com/game.php?id=820301"]
[Date "2010.8.19"]
[Round "2"]
[White "gege2561"]
[Black "luiz_antonio"]
[Result "0-1"]
[WhiteElo "1650"]
[BlackElo "1935"]

1. Nc3 d5 2. e4 d4 3. Nd5 c6 4. Nf4 e5 5. Nd3 f6 6. Be2 b5 7. Nh3 Bxh3 8. Bf3
Be6 9. a3 Bd6 10. Bh5+ g6 11. Bf3 h5 12. h4 Nd7 13. g3 a5 14. b4 axb4 15. Bb2
bxa3 16. Bc1 b4 17. O-O Ne7 18. Kg2 Qc8 19. Rh1 Nc5 20. Nxb4 Nxe4 21. c3 Bxb4
22. cxb4 Bg4 23. d3 Nc3 24. Qc2 Bxf3+ 25. Kh2 Bxh1 26. Kxh1 a2 27. Bb2 Ned5 28.
Rf1 Qb7 29. Ra1 Nxb4 30. Qb3 c5+ 31. Kh2 Qd5 32. Qxd5 Ncxd5 33. f4 Nc2 0-1

[Event "AUTO-OPEN-1964"]
[Site "http://www.queenalice.com/game.php?id=820306"]
[Date "2010.8.19"]
[Round "2"]
[White "andrealoi"]
[Black "gege2561"]
[Result "1-0"]
[WhiteElo "2109"]
[BlackElo "1622"]

1. d4 d5 2. c4 dxc4 3. e4 e6 4. Bxc4 a6 5. Nf3 Bb4+ 6. Nc3 Bxc3+ 7. bxc3 Nf6 8.
Bg5 b5 9. Bd3 O-O 10. e5 h6 11. Bh4 1-0